Seas of the World according to the IHO - Statistics

General Stats
  • This quiz has been taken 127 times
    119 since last reset
  • The average score is 57 of 99
Answers on the Map
Answers color-coded by a green-red scale on the quiz's map according to % correct below.
 
Answer Stats
Answer % Correct
Atlantic Ocean
95%
Indian Ocean
93%
Mediterranean Sea
93%
Pacific Ocean
93%
Caribbean Sea
92%
Gulf of Mexico
92%
Red Sea
92%
Arctic Ocean
89%
North Sea
89%
Black Sea
88%
Southern Ocean
86%
Persian Gulf
85%
Tasman Sea
85%
Baltic Sea
84%
Sea of Japan
84%
Adriatic Sea
82%
Caspian Sea
82%
Gulf of Guinea
82%
Philippine Sea
79%
South China Sea
79%
Bay of Bengal
78%
Bering Sea
78%
English Channel
78%
Hudson Bay
77%
Hudson Strait
77%
Strait of Gibraltar
77%
Aegean Sea
75%
Arabian Sea
75%
Norwegian Sea
74%
Gulf of California
73%
Irish Sea
71%
East China Sea
70%
Mozambique Channel
70%
Bay of Biscay
68%
Gulf of Aden
68%
Yellow Sea
68%
Ionian Sea
67%
Greenland Sea
66%
Balearic Sea
64%
Gulf of Oman
64%
Gulf of Suez
64%
Gulf of Thailand
64%
Coral Sea
63%
Gulf of Alaska
63%
Java Sea
60%
Andaman Sea
58%
Labrador Sea
58%
Timor Sea
58%
Celtic Sea
56%
Great Australian Bight
56%
Gulf of Finland
56%
Strait of Malacca
56%
Gulf of Bothnia
55%
Ligurian Sea
55%
Sea of Azov
53%
Celebes Sea
52%
Sea of Okhotsk
52%
Singapore Strait
51%
Baffin Bay
49%
Barents Sea
49%
Gulf of Riga
49%
Gulf of St Lawrence
49%
Rio de la Plata
49%
Solomon Sea
49%
Sea of Marmara
48%
Bali Sea
45%
Alboran Sea
44%
Gulf of Aqaba
44%
Laccadive Sea
44%
Tyrrhenian Sea
44%
Flores Sea
42%
Kara Sea
42%
Laptev Sea
40%
Arafura Sea
38%
Kattegat
38%
Bristol Channel
37%
East Siberian Sea
37%
Skagerrak
37%
Sulu Sea
37%
Banda Sea
36%
Bass Strait
36%
Bay of Fundy
36%
Chukchi Sea
34%
Davis Strait
34%
Bismarck Sea
33%
Molucca Sea
33%
Savu Sea
30%
Makassar Strait
29%
Northwest Passages
29%
Scotia Sea
27%
Gulf of Tomini
26%
Salish Sea/Queen Charlotte Sound
26%
Gulf of Boni
25%
Halmahera Sea
25%
Beaufort Sea
23%
Ceram Sea
21%
Seto Inland Sea
19%
Inner Seas off Scotland
18%
Lincoln Sea
16%
No matching quizzes found
Score Distribution
Percent of People with Each Score
Percentile by Number Answered
Your Score History
You have not taken this quiz since the last reset